| 000 | 00649cab a2200217 4500 | ||
|---|---|---|---|
| 001 | ##L132465 | ||
| 008 | 060210n2006 000 0 eng u | ||
| 035 | _a(Sirsi) u132465 | ||
| 041 | 0 | _aeng | |
| 100 | 1 | _aWatson, Stuart | |
| 245 | 0 | 0 |
_aEast Midlands _bregional |
| 260 | _c2006 | ||
| 490 | 0 |
_aProperty Week _v71(5) 20 January 2006, 101-127(11) |
|
| 520 | _aLooks at the office market in Nottingham, and community planning in Northamptonshire. | ||
| 590 | _aIKA140206 | ||
| 650 | 2 | 4 | _aEAST MIDLANDS |
| 650 | 2 | 4 | _aNOTTINGHAM |
| 650 | 2 | 4 | _aNORTHAMPTONSHIRE |
| 690 | _aPROPERTY-COMMERCIAL PROPERTY-COMMERCIAL PROPERTY MARKET | ||
| 942 | _n0 | ||
| 999 |
_c76460 _d76460 |
||